| 000 | 00398cam a22001337a 4500 | ||
|---|---|---|---|
| 008 | 180718b1978 xxu||||| |||| 00| 0 eng d | ||
| 082 | _aA6x5451 R18 | ||
| 100 | _aRao, P. Raghunadha | ||
| 245 |
_aSikkim: the story of its integration with India _cby P. Raghunadha Rao |
||
| 260 |
_aNew Delhi _bCosmo Pub. _c1978 |
||
| 300 | _a139p. | ||
| 650 | _aState succession - India | ||
| 650 | _aSikkim - History | ||
| 999 |
_c352356 _d352356 |
||